[Event "EU-chT (Men) 10th"]
[Site "Debrecen"]
[Date "1992.11.??"]
[Round "2.1"]
[White "Kasparov, Garry"]
[Black "Rozentalis, Eduardas"]
[Result "1-0"]
[WhiteElo "2780"]
[BlackElo "2585"]
[Annotator "Bulletin"]
[PlyCount "43"]
[EventDate "1992.11.20"]
[EventType "team-swiss"]
[EventRounds "9"]
[EventCountry "HUN"]
[SourceTitle "EU-chT"]
[Source "ChessBase"]
[SourceDate "1999.07.01"]
[SourceVersion "2"]
[SourceVersionDate "1999.07.01"]
[SourceQuality "1"]
[WhiteTeam "Russia"]
[BlackTeam "Lithuania"]
[WhiteTeamCountry "RUS"]
[BlackTeamCountry "LTU"]

1. c4 e6 2. Nc3 Bb4 3. Qb3 a5 (3... c5 4. Nb5 Nf6 5. Nd6+ Ke7 6. Nxc8+ Qxc8 7.
e3 $14) 4. a3 Bxc3 5. Qxc3 Nf6 6. d4 O-O 7. Bg5 d6 8. e3 Qe7 9. Bd3 e5 10. Ne2
Nc6 11. f3 (11. O-O h6 12. Bh4 (12. Bxf6 Qxf6 13. d5 Ne7 (13... Nb8 14. b4 $1)
14. f4 $1) 12... g5 13. Bg3 Nh5 $14) 11... h6 12. Bh4 a4 (12... Re8 13. O-O
exd4 $6 14. exd4 Ne4 15. Bxe7 Nxc3 16. Nxc3 Rxe7 17. Nd5 Rd7 18. Rae1 Kf8 19.
Re4 f5 20. Re3 Nxd4 21. Rfe1 $18) 13. O-O Bd7 (13... g5 $5 14. Bf2 Nh5 15. c5
$16) 14. Rae1 Rfe8 (14... g5 $142) 15. Qc2 Na5 (15... g5 16. Bf2 Nh5 17. Nc3
$18) 16. Nc3 g5 17. Bg3 Nb3 18. f4 e4 (18... gxf4 19. Bh4 $1) 19. Be2 Kg7 20.
fxg5 hxg5 21. Rf2 Rh8 22. Ref1 (22. Ref1 Rh6 23. Nxe4 Nxe4 24. Rxf7+ Qxf7 25.
Rxf7+ Kxf7 26. Qxe4) 1-0

[Event "EU-chT (Men) 10th"]
[Site "Debrecen"]
[Date "1992.11.??"]
[Round "4.1"]
[White "Kasparov, Garry"]
[Black "Ivanchuk, Vassily"]
[Result "1-0"]
[WhiteElo "2780"]
[BlackElo "2720"]
[Annotator "Bulletin"]
[PlyCount "99"]
[EventDate "1992.11.20"]
[EventType "team-swiss"]
[EventRounds "9"]
[EventCountry "HUN"]
[SourceTitle "EU-chT"]
[Source "ChessBase"]
[SourceDate "1999.07.01"]
[SourceVersion "2"]
[SourceVersionDate "1999.07.01"]
[SourceQuality "1"]
[WhiteTeam "Russia"]
[BlackTeam "Ukraine"]
[WhiteTeamCountry "RUS"]
[BlackTeamCountry "UKR"]

1. e4 e5 2. Nf3 Nf6 3. d4 Nxe4 4. Bd3 d5 5. Nxe5 Nd7 6. Nxd7 Bxd7 7. O-O Qh4 8.
c4 O-O-O 9. c5 g5 10. Be3 Re8 11. Nd2 Bg7 12. Nf3 Qh5 13. Nxg5 (13. Bxe4 $2
Rxe4 $5 (13... dxe4 14. Nxg5 Bg4 15. Qa4 h6 $17) 14. Nxg5 $140 Rg4 15. Nf3
Rxg2+ 16. Kxg2 Bh3+ 17. Kh1 Bg4 18. Kg2 Qh3+ $19) 13... Qxd1 (13... Bg4 14. f3
Nxg5 15. fxg4 Qh6 16. Qd2 Nh3+ (16... Bxd4 $2 17. Bf5+) 17. gxh3 Qxe3+ (17...
Rxe3 18. Rxf7 Rxh3 19. Bf5+ Kb8 20. g5 $18) 18. Qxe3 Rxe3 19. Rad1 $14) 14.
Rfxd1 (14. Raxd1 Nxg5 15. Bxg5 Bxd4 16. c6 Bg4 17. Rd2 $5 (17. Bf5+ $10)) 14...
Nxg5 15. Bxg5 Bg4 $5 (15... Bxd4 16. c6 Bg4 (16... Be6 17. cxb7+ Kxb7 (17...
Kb8 18. Rd2 $16) 18. Ba6+ $16 Kxa6 19. Rxd4 c5 $14) 17. cxb7+ $16) 16. Rd2 $14
Bxd4 17. c6 Be5 (17... Rhg8 18. Bf4 {><h7}) (17... Bb6 18. Bb5 $16) 18. Bb5 b6
(18... Re6 $5) 19. Bh4 (19. Rxd5 $6 Bxb2 (19... Rhg8 20. Bh4 $140 Bf3)) 19...
Rhg8 (19... d4 20. Bg3 Bg7 21. Ba6+ Kb8 22. a4 $36) 20. Ba6+ (20. Bg3 Bxg3 21.
hxg3 $14) 20... Kb8 21. Bg3 Bxg3 22. hxg3 Rd8 23. Rd4 Rd6 24. Rc1 Bc8 (24...
Rgg6 25. Bd3) 25. Bd3 $2 (25. Bxc8 Kxc8 26. b4 $16) 25... Rg4 $132 (25... h6
26. b4) (25... h5 26. b4 Rg4 27. Rxg4 hxg4 $14) 26. Rxg4 Bxg4 27. f3 (27. Bxh7
d4 28. Bd3 Be6 29. b3 Bd5 $44) (27. b4 $5 d4 28. b5) 27... Be6 28. b4 d4 29. a4
a5 (29... Bb3 30. a5 Ba4 31. b5 $16 (31. axb6 axb6 32. b5 Rd5 33. Rb1 $16)) 30.
b5 Bb3 31. Ra1 Kc8 32. Kf2 h6 (32... h5 $5 33. Ke2 $14) 33. Ke2 Kd8 34. Kd2 Ke7
35. Bc2 (35. g4 $5) (35. Rb1 $5 Bxa4 36. Bc4 d3 (36... Rg6 37. Ra1 Rxg3 38.
Rxa4) 37. Bxd3) 35... Bc4 (35... Bxc2 36. Kxc2 $16) 36. Rh1 d3 (36... Re6 $1
37. Bd3 Bb3 38. Rh4 Rd6 39. Bc2 Bc4 40. Re4+ Kf8 41. g4 $14) 37. Bd1 Kf8 (37...
f5 $142 38. Rh5 Rg6 $132) 38. Rh4 (38. g4 $5 Kg7 39. f4 f6) 38... Ba2 39. Re4
Rg6 40. g4 h5 (40... Rd6 $14) 41. f4 (41. Rd4 Be6 42. gxh5 Rxg2+ 43. Kxd3 Rh2
$14) 41... hxg4 42. f5 Rd6 (42... Rg5 43. Bxg4 (43. Rd4 $2 Rxf5 44. Rd7 Rf2+
45. Kxd3 Rxg2 $13) 43... Bd5 44. Rd4 Bxg2 45. Kxd3 f6 46. Ke3 Rg7 47. Kf4 $1
Re7 48. Bd1 Bf1 49. Bb3 Be2 50. Be6 Bh5 51. Rd2 Bf7 (51... Be8 52. Rd8 $18) 52.
Bxf7 Kxf7 53. Rd4 Ke8 54. Kg4 $1 Rg7+ 55. Kh5 Rg5+ 56. Kh6 Rxf5 57. Rd7 Rf4 58.
Rxc7 Rxa4 59. Rb7 Rc4 60. Kg6 Rc5 61. Kxf6 Kd8 62. Rxb6 $18) 43. Rxg4 Bd5 44.
Rh4 (44. Rd4 Ke7 45. g4 f6 $1 $10) 44... Kg7 45. g3 $1 (45. Rd4 Kf6 46. Bb3 Ke5
47. Rxd5+ Rxd5 48. Bxd5 Kxd5 49. Kxd3 Ke5 $10 50. g4 $140 $2 Kf4 51. Kd4 Kxg4
52. Ke5 Kg5) 45... Kf6 $2 (45... Bg2 46. Bb3 Bd5 47. Rd4 $18) (45... Ba2 $8 46.
Rg4+ (46. Re4 Kf8 47. Bh5 $1 Bd5 48. Re5 Bb3) 46... Kf8 47. Re4 f6 (47... Bd5
48. Rd4 Ke7 49. Rh4 $1 $16) 48. Bh5 Rd8 49. g4 Bb3 50. Re3 $1 Bg8 (50... Bxa4
51. Re6) 51. g5 fxg5 52. f6 Bf7 {/\53.Bf7? Kf7 54.Re7 Kf6 55.Rc7 g4 56.Rb7 g3
57.Rb6 Rc8!} 53. Bd1 $1 $16 Re8 $140 54. Rxd3) (45... f6 $2 46. Rd4 Kf8 47. Bb3
$18) 46. Rh8 $1 $18 Ke5 (46... Kxf5 $142 47. Rc8 Bxc6 $5) 47. Rc8 Kd4 48. Rxc7
Rh6 49. Rd7 Rh2+ 50. Kc1 (50. Kc1 Kc3 51. Rxd5 d2+ (51... Ra2 52. Rxd3+ $18)
52. Rxd2 Rxd2 53. c7 $18) 1-0

[Event "Linares 11th"]
[Site "Linares"]
[Date "1993.??.??"]
[Round "1"]
[White "Ljubojevic, Ljubomir"]
[Black "Kasparov, Garry"]
[Result "0-1"]
[WhiteElo "2605"]
[BlackElo "2805"]
[Annotator "Knaak,R"]
[PlyCount "58"]
[EventDate "1993.02.??"]
[EventType "tourn"]
[EventRounds "13"]
[EventCountry "ESP"]
[EventCategory "18"]
[SourceTitle "CBM 034"]
[Source "ChessBase"]
[SourceDate "1993.06.01"]
[SourceVersion "1"]
[SourceVersionDate "1993.06.01"]
[SourceQuality "1"]

1. d4 Nf6 2. c4 g6 3. Nc3 Bg7 4. e4 d6 5. Be2 O-O 6. Nf3 e5 7. O-O Nc6 8. d5
Ne7 9. Nd2 a5 10. Rb1 Nd7 11. a3 f5 12. b4 Kh8 13. f3 f4 {Der alte Zug.
Zuletzt war 13...Ng8 erste Wahl.} 14. Nb3 $6 (14. Nb5) (14. c5 dxc5 15. bxc5
Nxc5 16. a4 Ne6 $1 17. Ba3 (17. dxe6 $2 Qd4+ 18. Kh1 Qxc3 $17) 17... Nd4 18.
Bc4 g5 19. Ne2 c6 20. d6 Ng6 21. Nxd4 exd4 22. Nb3 {Hernandez-Frolov/Habana/
1991/} g4 $1 $36) (14. Na4) 14... axb4 15. axb4 g5 16. Bd2 $6 {Zu langsam.} (
16. c5 Nf6 $1 $13) 16... Ng6 17. Ra1 Rxa1 18. Qxa1 Nf6 19. Qa7 g4 $1 20. fxg4
Nxg4 21. h3 $17 (21. Bxg4 $5 Bxg4 22. Qxb7 f3 $40 23. g3 (23. Nb5 $6 fxg2 24.
Rxf8+ Qxf8 25. Kxg2 Qf3+ 26. Kg1 Bh3) (23. gxf3 Bxf3 24. Nc1 Qh4 $17) 23... f2+
24. Rxf2 Rxf2 25. Kxf2 Qf8+ 26. Ke1 (26. Kg1 Bh3 $19) 26... Qf3 27. Qb8+ Nf8
28. Qa7 Qh1+ $17) 21... Nh6 22. Be1 Rg8 23. Nd2 Bf6 24. Kh1 Bh4 25. Nf3 Bxe1
26. Nxe1 (26. Rxe1 Nh4 27. Rg1 Nxf3 28. Bxf3 Qh4 {/\ Bxh3 -+}) 26... Nh4 27.
Rf2 (27. Qf2 Rg3 28. Nd1 Bxh3 $1 29. gxh3 Rxh3+ 30. Kg1 Qg5+ 31. Ng2 Rg3 $19)
27... Qg5 28. Nf3 (28. Bf1 Bxh3 29. Ra2 Qg3 $19) 28... Nxf3 29. Bxf3 Bxh3 (
29... Bxh3 30. Qxb7 Bxg2+ 31. Bxg2 (31. Rxg2 Qh4+ 32. Kg1 Qe1+ 33. Kh2 Rxg2+
34. Kxg2 Qg3+ $19) 31... f3 32. Kg1 Qc1+ $19) 0-1

[Event "Linares 11th"]
[Site "Linares"]
[Date "1993.??.??"]
[Round "11"]
[White "Kasparov, Garry"]
[Black "Gelfand, Boris"]
[Result "1-0"]
[WhiteElo "2805"]
[BlackElo "2690"]
[Annotator "Anand,V"]
[PlyCount "49"]
[EventDate "1993.02.??"]
[EventType "tourn"]
[EventRounds "13"]
[EventCountry "ESP"]
[EventCategory "18"]
[SourceTitle "CBM 034"]
[Source "ChessBase"]
[SourceDate "1993.06.01"]
[SourceVersion "1"]
[SourceVersionDate "1993.06.01"]
[SourceQuality "1"]

1. e4 {Speelman,J Boensch} c5 2. Nf3 d6 3. d4 cxd4 4. Nxd4 Nf6 5. Nc3 a6 6. Bc4
e6 7. Bb3 b5 8. O-O Be7 9. Qf3 Qc7 10. Qg3 O-O 11. Bh6 Ne8 12. Rad1 (12. Rfe1
$6 {Boensch} Bd7 13. a4 b4 14. Nce2 Kh8 15. Bg5 Bxg5 16. Qxg5 Nf6 17. Ng3 Nc6
18. Nxc6 Bxc6 19. Rad1 Rad8 $10 {Kasparov,G-Gelfand,B Paris Immopar (4f/1)
25min 1991 1-0 36}) 12... Bd7 (12... Bf6 $5 {Boensch} 13. Bg5 Bxg5 14. Qxg5 Qc5
15. Qd2 Bd7 16. Rfe1 $14 {Ehlvest,J-Gavrikov,V URS-ch 1988 1/2 47}) 13. Nf3 $1
{Kasparov and Gelfand already played one game in this variation(Immopar 1991)
and though Garry won he was highly unconvincing.This was played after the rest
day and two Kasparov wins so he was expected to come out with guns blazing!} (
13. f4 {Boensch} Nc6 (13... Kh8 $5 14. Bg5 Nc6 15. Bxe7 Nxe7 16. f5 e5 17. Ne6
fxe6 18. fxe6 Rxf1+ 19. Rxf1 Nf6 20. exd7 Qxd7 $10 {Tischbierek,R-Gruenberg,HU
DDR-ch Zittau 1989 1/2 23}) 14. Nxc6 Bxc6 15. f5 Kh8 16. Be3 b4 17. Na4 (17.
Ne2 $2 e5 $15) 17... Nf6 $1 (17... Rb8 $2 18. fxe6 fxe6 19. Rxf8+ Bxf8 20. Rf1
Qe7 21. e5 $16 {Sokolov,A-Gelfand,B URS-ch 1989 1-0 64}) 18. fxe6 Nxe4 19. Qh3
fxe6 20. Qxe6 Bf6 $10 {Damasko,R-Arnason,J Novi Sad olm (12) 1990 1/2 61}) (13.
a3 {Boensch} Nc6 14. Nxc6 Bxc6 15. f4 Bf6 16. f5 Qe7 17. Qg4 Kh8 18. Bd2 Bxc3
19. Bxc3 e5 $14 {Stirenkov,V-Vaulin,A Budapest Festival (9) 1991 1-0 41}) 13...
b4 $2 {Too provocative} (13... Kh8) (13... Nc6 $1) (13... a5 {Speelman,J} 14.
e5 (14. a4 $14) 14... a4 15. Rd4 axb3 (15... g6 16. Bd5 $1 $16) 16. Bxg7 Nxg7
17. Rg4 bxa2 18. Rxg7+ Kh8 19. Ne4 a1=Q 20. Rxh7+ Kxh7 21. Neg5+ Bxg5 $8 (21...
Kg6 22. Nxe6+ Kf5 23. Nfd4+ Ke4 24. Qf3+ Kxe5 25. Qf5#) 22. Nxg5+ Kg6 $1 $8 {
This is probably drawn now - Kasparov's opening preparation!} (22... Kh6 $2 23.
Qh4+ Kg6 24. Qh7+ Kxg5 25. f4+ Kg4 26. Qh3#)) 14. Ne2 {This is the direction
it's going anyway} a5 (14... Kh8 $5 {Boensch}) 15. Nf4 $1 Kh8 (15... a4 $4 {
Boensch} 16. Bxg7 Nxg7 17. Nh5 Bf6 18. Nxf6+ Kh8 19. Qh4 h5 20. Qg5 $18) 16.
Bg5 Nf6 (16... Bxg5 17. Nxg5 a4 18. Qh4 Nf6 19. Bxe6 (19. Nh5 Nxh5 20. Qxh5 h6
21. Nxf7+ $16) 19... Bxe6 20. Nfxe6 fxe6 21. Nxe6 Qe7 22. Nxf8 Qxf8 $16) (16...
f6 $4 {Boensch} 17. Bxe6 fxg5 18. Ng6+ hxg6 19. Qh3#) 17. Qh4 (17. e5 {
Speelman,J} Ne4 18. Bxe7 Nxg3 19. exd6 Qc8 20. hxg3 a4 21. Bxf8) 17... Bb5 $2 (
17... a4 18. Nh5 $18 (18. Nh5 {Boensch} axb3 19. Nxf6 Bxf6 20. Bxf6 gxf6 21.
Qxf6+ Kg8 22. Ng5 (22. Rd3 {Speelman,J} Bb5 (22... Qd8 23. Qh6 $18) 23. Rxb3 $1
Qd8 (23... Bxf1 24. Ne5 Rc8 25. Qh6 $1) (23... Qc4 $2 24. Nd2) (23... Re8 24.
Nd4 Bxf1 25. Qh6 $1 Qc3 $8 26. bxc3 $18) 24. Qh6 f5 (24... f6 25. Ne5 $18) 25.
Ng5 $1 (25. Nd4 Qf6 26. Qxf6 Rxf6 27. Nxb5 $18) 25... Ra7 26. Nxe6 Qf6 27. Rg3+
Kf7 28. Qxf8+ Kxe6 29. Qxb8 $18) 22... Bb5 23. Qh6 f6 24. Qxf8+ $1 Kxf8 25.
Nxe6+ $18)) (17... Nc6 $16) (17... Nc6 {Boensch} 18. Nh5 (18. Ba4 {Speelman,J}
Rae8) (18. c3 bxc3 19. bxc3 (19. Bc2 $6 cxb2 20. e5 $2 (20. Bb1) 20... Nxe5 21.
Nxe5 Qxc2 $1 22. Nxd7 Nxd7 23. Bxe7 Rfb8 $13)) 18... Nxh5 19. Bxe7 Nxe7 20.
Qxe7 Rae8 $1 21. Qxd6 Qxd6 22. Rxd6 Bb5 $13) 18. Nd4 $1 {Gelfand overlooked
this} Be8 (18... Bxf1 19. Ndxe6 fxe6 20. Bxe6 $1 h6 (20... g6 21. Nxg6+ Kg7 22.
Qh6#) 21. Bxh6 $18 (21. Bxh6 {Boensch} gxh6 22. Qxh6+ Nh7 23. Ng6#)) 19. Ndxe6
fxe6 20. Nxe6 Qa7 21. e5 $1 dxe5 22. Nxf8 Bxf8 23. Bxf6 gxf6 24. Rd8 Nd7 (24...
Qe7 25. Qg4 $1 (25. Qc4 Kg7 26. Qg8+ Kh6 27. Rd3 Bg6) 25... Bg6 (25... Bg7 26.
Qc4 Qf8 27. Qe6 $18) 26. Qc4 Qg7 27. Qc8 $1 $18) 25. Qg4 (25. Qg4 {Boensch} Bg7
26. Qe6 $18) 1-0

[Event "Linares 12th"]
[Site "Linares"]
[Date "1994.??.??"]
[Round "1"]
[White "Bareev, Evgeny"]
[Black "Kasparov, Garry"]
[Result "0-1"]
[WhiteElo "2685"]
[BlackElo "2805"]
[Annotator "Ftacnik,L"]
[PlyCount "62"]
[EventDate "1994.02.??"]
[EventType "tourn"]
[EventRounds "13"]
[EventCountry "ESP"]
[EventCategory "18"]
[SourceTitle "CBM 040"]
[Source "ChessBase"]
[SourceDate "1994.06.01"]
[SourceVersion "1"]
[SourceVersionDate "1994.06.01"]
[SourceQuality "1"]

1. d4 {Stohl} Nf6 2. c4 c5 3. d5 b5 4. cxb5 a6 5. bxa6 (5. f3 {Stohl} axb5 6.
e4 Qa5+ 7. Bd2 b4 8. Na3 d6 9. Nc4 Qc7 10. a3 bxa3 11. Bc3 $5 $146 g6 (11...
Nbd7 $142 $5 $13) 12. e5 dxe5 13. Bxe5 Qd8 14. Rxa3 Rxa3 15. bxa3 Nbd7 16. Bc3
Ba6 17. Qa4 Bxc4 18. Bxc4 Bg7 19. Bxf6 $1 exf6 20. Bb5 Ke7 21. Nh3 Qc7 22. O-O
Rd8 23. Re1+ Kf8 24. d6 $1 $18 {Sokolov,I-Berg,K/Akureyri/1994/}) 5... g6 6.
Nf3 Bxa6 7. Nc3 d6 8. Nd2 Bg7 (8... Qa5 $5 {Stohl} 9. g3 (9. f3 Bg7 10. e4 Bxf1
11. Nxf1 Nfd7 12. Ne3 Bxc3+ 13. bxc3 Qxc3+ 14. Bd2 Qd3 15. Qe2 Qxe2+ 16. Kxe2
Nb6 17. Rhb1 N8d7 18. Rb5 O-O 19. Ba5 Rfb8 $10 {Haik,A-Sievers,S/Hamburg HSK/
1991/}) 9... Bg7 10. e4 Bxf1 11. Kxf1 Nbd7 12. Nc4 Qa6 13. Qe2 O-O 14. Bg5 Rfb8
15. Rc1 h6 16. Bd2 Nb6 17. Nxb6 Rxb6 18. Qxa6 Raxa6 19. b3 Nd7 20. Na4 Rb7 $44
{Donner,JH-Hebden,M/Marbella zt/1982/}) 9. e4 Bxf1 (9... O-O {Stohl} 10. Bxa6
Nxa6 11. Nc4 Nd7 12. O-O Nb6 13. Ne3 Qd7 14. Bd2 Nc7 15. Qc2 Rfb8 16. Qd3 Na4
17. b3 Nxc3 18. Bxc3 Bxc3 19. Qxc3 Rb4 20. f3 Nb5 21. Qb2 Nd4 $44 {Tisdall,
J-Gretarsson,H/Gausdal Troll/1992/}) 10. Nxf1 Qa5 (10... O-O {Stohl} 11. Ne3
Qa5 12. O-O Qa6 13. Qc2 Nbd7 14. a4 $6 Rfb8 15. Bd2 Ne8 16. Ra3 Nc7 17. Rfa1
Nb6 18. b3 e6 19. a5 Nc8 $132 {Meulders,R-Carreau/Brussels zt/1993/}) 11. Bd2 (
11. Nd2 Qa6 12. Qe2) (11. Ng3 $6 {Stohl} O-O 12. O-O Nbd7 13. Qe2 Rfb8 14. Kh1
Rb7 15. f4 Ne8 16. Rf3 Rab8 17. h3 Nc7 18. Kh2 Nb5 19. Nxb5 Rxb5 20. Bd2 Qa7
21. Bc3 Bxc3 22. bxc3 Rb2 $36 {Vrona,M-Kormanyos,Z/HUN-chT/1991/}) 11... O-O (
11... Nbd7 {Stohl} 12. Ne3 Qa6 13. Qe2 Ne5 14. Qxa6 Rxa6 15. Ke2 Nfg4 $6 16.
Ncd1 O-O 17. Bc3 Rfa8 18. Nxg4 Nxg4 19. Bxg7 Kxg7 20. Nc3 Rb8 21. Rhb1 f5 22.
h3 Ne5 23. exf5 gxf5 24. f4 Nc4 25. b3 Na3 26. Rb2 $14 {Sorokin,M-Krzywicki/
Pardubice op/1992/}) 12. Ne3 Nbd7 (12... Qa6 {Stohl} 13. Qe2 $14) 13. O-O Qa6
14. Qc2 Ne5 15. b3 (15. f4 $6 {Stohl} Nc4 16. Nxc4 Qxc4 $36) 15... Nfd7 16. f4
(16. a4 $13 {Stohl /\ Nb5}) 16... Nd3 17. a3 (17. Nc4 {Stohl} Nb4 (17... Bd4+
18. Be3 $14) 18. Qd1 Nb6 $36) 17... Bd4 18. Kh1 Rfc8 (18... Rfb8 {Stohl} 19.
Rab1 {/\Rf3,Nd1}) 19. Rab1 c4 $1 20. b4 (20. Nxc4 Nf2+) (20. bxc4 Bxe3 21. Qxd3
(21. Bxe3 $2 Qxc4 22. Rb3 N3c5 (22... N7c5 {Stohl /\Na4-+}) 23. Rbb1 Na4 $19)
21... Bxd2 22. Qxd2 Qxc4 23. Rfc1 Nc5 $1 24. Rb4 Qd3 25. Qb2 Qe3 {/\..Nd3,...
Qf4}) 20... Nf6 (20... Qxa3 $2 21. Nb5 $18) 21. Ned1 (21. a4 {Stohl} Bxc3 22.
Bxc3 Nxe4 $17) 21... Rcb8 22. Ne3 Rc8 (22... Qxa3 23. Nxc4) 23. b5 (23. Ned1
Qb6 (23... Rcb8 $10) 24. a4 $140 (24. Bc1 {Stohl} e6 $36) 24... Nxb4) 23... Qb6
$1 (23... Qxa3 24. Nxc4 Rxc4 25. Qxd3 Bxc3 (25... Rac8 {Stohl} 26. b6 $36) 26.
Qxc4 Bxd2 27. b6 $16) 24. Nxc4 Nf2+ 25. Rxf2 Rxc4 26. Rf3 Rxa3 27. Qb2 Nxe4 $1
(27... Bxc3 28. Bxc3 Raxc3 29. Rxc3 Nxe4 (29... Rxc3 {Stohl} 30. Qxc3 Nxe4 31.
Qc8+ Kg7 32. h3 $16) 30. Rxc4 Nf2+ 31. Kg1 Nh3+ 32. Kf1 Qg1+ 33. Ke2 Qf2+ 34.
Kd3) (27... Raxc3 28. Bxc3 Rxc3 29. Rxc3 Nxe4 30. Rc8+ Kg7 31. Qe2 Nf2+ 32. Kg1
Nd1+ 33. Kf1 Ne3+ 34. Ke1 Qa5+ 35. Kf2 Nxd5+ 36. Kg3 $16) 28. Qxa3 Nxd2 29. Qa2
Be3 $6 (29... Bxc3 30. Rxc3 Rxc3 31. Qxd2 Rc5 32. Qe3 Qb7 33. b6 Rxd5 34. h3
$13) 30. Rc1 $2 (30. Nd1 Bxf4 (30... Rxf4 $2 31. Rxf4 Bxf4 32. Rb4 Bg5 33. Qc2
(33. Qa8+ Kg7 34. Qc6 Qa5 35. Qc3+ f6 36. h4 Bh6 37. b6 $18)) 31. Rd3 (31. Ra3
Qd4 $1 32. Ra8+ (32. b6 $2 Nxb1 33. Qxb1 Rc1 $19) (32. Ra1 Be5 33. Ne3 Qf4 $19)
32... Kg7 33. Qa1 Nxb1 $19) 31... Rd4 (31... Re4 32. Nc3 Rd4 33. Rxd4 Qxd4 34.
b6 $1 Nxb1 35. Qxb1) (31... Bxh2 32. Ne3 $1 (32. Kxh2 $2 Nf1+ 33. Kh1 (33. Kh3
Qg1 34. Qxc4 Qh2+ 35. Kg4 Qh5+ 36. Kf4 Qf5#) 33... Rh4+ 34. Rh3 Ng3+ 35. Kh2
Nf1+ $10) 32... Nxb1 33. Qxc4 Be5 34. Qc2 Bf4 (34... Nc3 35. Nc4 $18) 35. Nf1
Qxb5 36. Rd1 Na3 37. Qc8+ Kg7 38. Qc3+ $18) (31... Rc5 32. Rxd2 Bxd2 33. Qxd2
Rxb5 34. Rxb5 Qxb5 $16) 32. Rxd4 (32. Qa8+ Kg7 33. Qc6 Qxc6 34. dxc6 Rxd3 35.
c7 $2 Nxb1 36. Nf2 Rc3 $19) 32... Qxd4 33. Qa8+ (33. b6 Be5 $1 (33... Qd3 $2
34. Nf2 $1) (33... Nxb1 $2 34. Qxb1 Be5 (34... Qc4 $6 {/\..Qf1#} 35. Nc3 Qc8
36. b7 Qb8 37. Qb6) 35. b7 Qf4 36. b8=Q+ Kg7 37. Kg1 Bd4+ 38. Ne3 Bxe3+ 39. Kh1
$18) 34. Ne3 (34. b7 Qf4 35. b8=Q+ Kg7 $19) (34. Nc3 Qf4 35. Kg1 Qxh2+ 36. Kf2
Bd4+ 37. Ke2 (37. Ke1 Nxb1 38. Qxb1 (38. Nxb1 Qg1+ 39. Kd2 Qxg2+ $19) 38...
Qg1+ 39. Ke2 (39. Kd2 Bxc3+ 40. Kc2 Qxb1+ 41. Kxb1 Bd4 42. b7 Ba7 $19) 39...
Qe3+ 40. Kd1 Bxc3 $19) 37... Nxb1 38. Qxb1 Bxc3 39. b7 Qxg2+ 40. Kd3 Qd2+ 41.
Kc4 Qd4+ 42. Kb3 Qb6+ 43. Kc2 Bb4 $19) 34... Qxe3 35. b7 Qf4 36. b8=Q+ Kg7 37.
Kg1 (37. g3 $2 Qf3+ 38. Kg1 Bd4#) 37... Qxh2+ 38. Kf2 Ne4+ 39. Ke3 (39. Kf1
Qh1+ 40. Ke2 Qxg2+) (39. Kf3 Qf4+) (39. Ke2 Qxg2+ 40. Kd3 Nc5+) 39... Qg3+ 40.
Ke2 (40. Kxe4 f5#) 40... Qf2+ 41. Kd3 (41. Kd1 $2 Nc3+ 42. Kc1 Bf4+) 41... Nc5+
42. Kc4 Qxa2+) 33... Kg7 34. Qa1 $18) 30... Qd4 31. b6 (31. Rxe3 {Stohl} Qxe3
32. Qb2 Ne4 $19) 31... Rxc3 0-1

[Event "Linares 12th"]
[Site "Linares"]
[Date "1994.??.??"]
[Round "2"]
[White "Kasparov, Garry"]
[Black "Illescas Cordoba, Miguel"]
[Result "1-0"]
[WhiteElo "2805"]
[BlackElo "2590"]
[Annotator "Ftacnik,L"]
[PlyCount "85"]
[EventDate "1994.02.??"]
[EventType "tourn"]
[EventRounds "13"]
[EventCountry "ESP"]
[EventCategory "18"]
[SourceTitle "CBM 040"]
[Source "ChessBase"]
[SourceDate "1994.06.01"]
[SourceVersion "1"]
[SourceVersionDate "1994.06.01"]
[SourceQuality "1"]

1. c4 Nf6 2. Nc3 c5 3. g3 e6 4. Nf3 Nc6 5. Bg2 d5 6. cxd5 exd5 7. d4 Be7 8. O-O
O-O 9. Bg5 cxd4 10. Nxd4 h6 11. Be3 Re8 12. Rc1 Bf8 13. Nxc6 bxc6 14. Na4 Bd7
15. Bc5 Bxc5 (15... Ne4 16. Bxf8 Kxf8 17. Qd4 Kg8 18. Rfd1 Qa5 19. b3 Rad8 20.
Rc2 Bf5 21. Rdc1 Qb5 22. Bf1 Rd6 23. Qxa7 d4 24. Rc5 $1 Nxc5 25. Rxc5 $18 {
Schneider,A-Breutigam,M/Delmenhorst/1987/1-0 (36)}) 16. Nxc5 Bg4 (16... Bf5 17.
e3 Rb8 18. b3 Qa5 19. Qe2 Rb5 20. Na4 Bd7 21. Rfd1 Qb4 22. Qc2 Qg4 23. Rd4 Qg5
24. Qd2 Qg6 25. f3 $14 {Ribli,Z-Gabriel,C/Altensteig (07)/1992/0.5 (43)}) 17.
Re1 Qa5 (17... Qb6 18. Qc2 Rad8 19. h3 Bc8 20. b3 Qb8 21. e3 Re7 22. Red1 Rde8
23. Rd4 Nh7 24. Qd2 Ng5 25. h4 $14 {Ljubojevic,Lj-Gligoric,S/Bugojno/1978/1-0 
(55)}) 18. h3 (18. a3 Rab8 19. Nd3 Qb5 20. Qd2 Bf5 21. b4 Qa4 22. Rc3 Bxd3 23.
Qxd3 a5 24. bxa5 Qxa5 25. Rec1 $14 {Horvath,C-Weinzettl,E/Mitropa-Cup (2)/1990/
1-0 (59)}) 18... Bf5 19. Qd4 $1 (19. Qa4 Qd2 20. Qf4 Qxf4 21. gxf4 Rab8 {
0,5/Kramnik,V-Illescas Cordoba,M/Pamplona/1992/}) 19... Rab8 (19... Ne4 $5) (
19... Qxa2 $2 20. Ra1 Qc4 21. Qxc4 dxc4 22. Bxc6 $16) 20. a3 Qb5 21. b3 (21. b4
a5 $1 $132) 21... Ne4 (21... Rxe2 $2 22. Rxe2 Qxe2 23. Qf4 $18) 22. b4 a5 (
22... Nxc5 23. Rxc5 Qb6 24. e3 $16 {xc6}) 23. Nxe4 Bxe4 24. Rc5 Qb6 $8 (24...
Qa4 25. Rxa5 Qc2 26. Ra7 Bxg2 27. Qf4 Qg6 28. Kxg2 $18) 25. bxa5 Qb2 (25... Qb3
26. Rxc6 Qxa3 27. a6 $16) 26. Qxb2 Rxb2 27. Rxc6 Ra2 (27... Bxg2 28. Kxg2 Rexe2
29. Rxe2 Rxe2 30. Rc7 Re6 (30... Re4 31. a6 Ra4 32. a7 Kh7 33. Rxf7 Rxa3 34. f4
$18) 31. Rd7 $18) 28. Rec1 Rxa3 (28... Rxe2 29. a6 (29. Bf1 Ra2 30. a6 Rxa3 31.
Rc8 Rxc8 32. Rxc8+ Kh7 33. Rc7 Kg6 $13) 29... d4 30. a7 $1 (30. Bxe4 R2xe4 31.
a7 d3) 30... d3 31. Rc8 Bxg2 32. Kxg2 d2 33. a8=Q dxc1=Q 34. Rxe8+ Rxe8 35.
Qxe8+ Kh7 36. Qe4+ g6 37. a4 $18) 29. Rc8 Rxc8 30. Rxc8+ Kh7 31. f3 Bf5 32. Rc5
Be6 33. Kf2 g5 (33... Kg6 34. f4 $18) 34. f4 gxf4 35. gxf4 d4 (35... Bxh3 36.
Bxd5 Kg7 37. Bc4 Kf6 38. a6 $18) 36. Be4+ Kg7 37. f5 Ba2 38. Bd3 Kf6 39. a6 Ke7
40. Rc6 f6 (40... h5 41. Rh6 $18) 41. Rc7+ Kd6 42. Rh7 Ra4 43. Rxh6 (43. Rxh6
Ke5 44. Rh7 Bc4 45. Re7+ Kd6 46. Re4 Bxd3 47. exd3 Rxa6 $140 $4 48. Re6+ $18)
1-0